Statistics for Countries of the Croatian Diaspora

Click here to take the quiz!

General Stats

  • This quiz has been taken 269 times
  • The average score is 10 of 12

Answer Stats

#Country% Correct
450,000Germany
98%
420,763United States
98%
80,000Italy
91%
100,000France
89%
150,719Austria
87%
133,965Canada
87%
384,631Bosnia and Herzegovina
86%
118,046Australia
82%
180,000Switzerland
72%
250,000Argentina
58%
100,000New Zealand
57%
380,000Chile
51%

Score Distribution

Percentile by Number Answered

Percent of People with Each Score

Your Score History

You have not taken this quiz